Представление документа в формате MARC21

Поле Инд. ПП Название Значение
Тип записи a
Библиографический уровень m
001 Контрольный номер 163727f8-840b-466f-891e-e255d74ea870
005 Дата корректировки 20170201122855.6
008 Кодируемые данные 071113
020 c Цена, тираж 40.00
040 a Служба первич. каталог. НБ ТвГУ
041 0_ a Код языка текста rus
080 a Индекс УДК 72.03(470.316)
084 a Индекс другой классификации/Индекс ББК Щ113(2Рос=411.2)-69Ярославская область
090 x Авторский знак И 46
a Полочн. индекс Щ113(2Рос)
100 1_ a Автор Ильин Михаил Андреевич
245 10 a Заглавие Путь на Ростов Великий
b Продолж. заглавия (от Алексадрова до Ростова Ярославского)
260 0_ a Место издания Москва
b Издательство Искусство
c Дата издания 1975
300 a Объем 56,[1] с.
b Иллюстрации/ тип воспроизводства ил.
440 _0 a Серия Дороги к прекрасному
504 a Библиография Библиогр.: с. 126-127.
583 a Действие Получение впервые 289 09.11.2007
k Исполнитель действия Дар Кузьмина Ю.М.
650 04 a Основная рубрика Архитектура
x Основная подрубрика История
z Географическая подрубрика Россия
650 04 a Основная рубрика Русская архитектура
x Основная подрубрика Храмы
650 04 a Основная рубрика Архитектурные памятники
z Географическая подрубрика Ярославская область
650 04 a Основная рубрика Изобразительное искусство
653 0_ a Ключевые слова Архитектура
a Ключевые слова Русская архитектура
a Ключевые слова История архитектуры
a Ключевые слова Изобразительное искусство
a Ключевые слова Архитектурные памятники Ярославской области
a Ключевые слова Храмы
a Ключевые слова Древнерусские храмы
a Ключевые слова Искусство
852 41 t Порядковый номер экземпляра 1
p Инвентарный номер 887778
863 t 00205333
888 a Бесплатные
901 t Тип документа m
952 p 289.2007 40.00 1 887778
c Вид литературы К рн
954 a Дата поступления на обработку 20080111
999 a Подразделение 2 Фил4